000 00468nam a22001697a 4500
999 _c40570
_d40570
003 OSt
005 20201130113924.0
008 191011b ||||| |||| 00| 0 eng d
020 _a9789352824830
040 _coclc
082 _a894.8123
_bKUM/A
100 _aKumar, S Girish
_97029
245 _aAlingam /
_cS Girish Kumar
260 _aKottayam:
_bD C Books,
_c2019.
300 _a270p
942 _2ddc
_cBK
_h894.8123
_iKUM/A
_k894.8123
_mKUM/A